skbl

Dr Suryya Kumar Bhuyan Library Web-OPAC
ডঃ সূৰ্য্য
কুমাৰ ভূঞা পুথিভঁৰাল ৱেব-অ'পেক

All Research Scholars are advised to clear the annual library fees to continue using Library Resources, Remote Access, Plagiarism Test and Library Clearance.

Cotton University Book Fair 2026

Boro thunlaini jarimin arw thunlai bijirnai / (Record no. 257)

MARC details
000 -LEADER
fixed length control field 00738nam a2200265Ia 4500
001 - CONTROL NUMBER
control field 257
005 - DATE AND TIME OF LATEST TRANSACTION
control field 20240113233407.0
007 - PHYSICAL DESCRIPTION FIXED FIELD--GENERAL INFORMATION
fixed length control field ta
008 - FIXED-LENGTH DATA ELEMENTS--GENERAL INFORMATION
fixed length control field 050107s1994 g b000 u u
040 ## - CATALOGING SOURCE
Original cataloging agency Stack
082 ## - DEWEY DECIMAL CLASSIFICATION NUMBER
Classification number 891.4908 B
Item number Br 72 Bo
100 ## - MAIN ENTRY--PERSONAL NAME
Personal name Brahma, Riju Kumar .
245 #0 - TITLE STATEMENT
Title Boro thunlaini jarimin arw thunlai bijirnai /
Statement of responsibility, etc. Riju Kumar Brahma.
Medium Textual Documents
250 ## - EDITION STATEMENT
Edition statement 1st ed /
260 ## - PUBLICATION, DISTRIBUTION, ETC.
Place of publication, distribution, etc. Kokrajhar(Assam) :
Name of publisher, distributor, etc. Bodo publication board ,
Date of publication, distribution, etc. 1994.
300 ## - PHYSICAL DESCRIPTION
Extent 137p. ;
Dimensions 22cm.
500 ## - GENERAL NOTE
General note This book is in bodo language Issued to the Deptt Bodo Acc No-89835
653 ## - INDEX TERM--UNCONTROLLED
Uncontrolled term Bodo literature
942 ## - ADDED ENTRY ELEMENTS (KOHA)
Source of classification or shelving scheme Dewey Decimal Classification
Koha item type Books
Holdings
Withdrawn status Lost status Damaged status Not for loan Collection Home library Current library Date acquired Coded location qualifier Total checkouts Full call number Barcode Date last seen Copy number Price effective from Koha item type
          Dr. Suryya Kumar Bhuyan Library Dr. Suryya Kumar Bhuyan Library 01/02/2012 00000   891.4908 B Br 72 Bo 89837 13/01/2024 2 01/02/2012 Books
          Dr. Suryya Kumar Bhuyan Library Dr. Suryya Kumar Bhuyan Library 01/02/2012 00000   891.4908 B Br 72 Bo 288/Bodo 13/01/2024 1 01/02/2012 Books
          Dr. Suryya Kumar Bhuyan Library Dr. Suryya Kumar Bhuyan Library 01/02/2012 00000   891.4908 B Br 72 Bo 89835 13/01/2024 4 01/02/2012 Books
          Dr. Suryya Kumar Bhuyan Library Dr. Suryya Kumar Bhuyan Library 01/02/2012 00000   891.4908 B Br 72 Bo 89836 13/01/2024 3 01/02/2012 Books

Designed and Maintained by Team SKBL
©1901-2026

Powered by Koha